| Tag |
First Indicator |
Second Indicator |
Subfields |
| LEADER |
00000cam a2200000 4500 |
| 001 |
in00000026672 |
| 005 |
20151007062618.0 |
| 008 |
771024s1879 enk 000 0 eng d |
| 035 |
|
|
|a (OCoLC)03364280
|
| 035 |
|
|
|9 AAD5353AM
|
| 040 |
|
|
|a TXD
|c TXD
|d TXA
|d UtOrBLW
|
| 049 |
|
|
|a TXAM
|
| 090 |
|
|
|a PR3406
|b .M5 1879
|
| 100 |
1 |
|
|a Minto, William,
|d 1845-1893.
|
| 245 |
1 |
0 |
|a Daniel Defoe /
|c by William Minto.
|
| 246 |
3 |
0 |
|a DeFoe.
|
| 264 |
|
1 |
|a London :
|b Macmillan and co.,
|c 1879.
|
| 300 |
|
|
|a viii, 179 pages ;
|c 19 cm.
|
| 336 |
|
|
|a text
|b txt
|2 rdacontent
|
| 337 |
|
|
|a unmediated
|b n
|2 rdamedia
|
| 338 |
|
|
|a volume
|b nc
|2 rdacarrier
|
| 490 |
1 |
|
|a English men of letters
|
| 500 |
|
|
|a Includes index.
|
| 541 |
0 |
|
|a Donated by the estate of John Paul & Virginia Burns Abbott. June, 1996.
|
| 600 |
1 |
0 |
|a Defoe, Daniel,
|d 1661?-1731.
|
| 830 |
|
0 |
|a English men of letters.
|
| 999 |
|
|
|a MARS
|
| 999 |
f |
f |
|s 98bf60c0-73f5-3c79-aed9-709eac70e68a
|i 79f07ac8-bf00-391e-b724-d869efe87818
|t 0
|
| 952 |
f |
f |
|p storage
|a Texas A&M University
|b J.J. Pickle Campus
|c High Density Repository
|d Remote Storage
|t 0
|e PR3406 .M5 1879
|h Library of Congress classification
|i unmediated -- volume
|m A14801316061
|
| 952 |
f |
f |
|p normal
|a Texas A&M University
|b College Station
|c Sterling C. Evans Library
|d Evans: Library Stacks
|t 0
|e PR3406 .M5 1879
|h Library of Congress classification
|i unmediated -- volume
|m A14820168011
|
| 998 |
f |
f |
|a PR3406 .M5 1879
|t 0
|l Evans: Library Stacks
|
| 998 |
f |
f |
|a PR3406 .M5 1879
|t 0
|l Remote Storage
|